Регионална библиотека "Любен Каравелов" - Русе

Исперих (Запис номер 168433)

MARC детайли
000 -Лидер
Контролно поле с фиксирана дължина 01280nam a2200337 c 4500
003 - Код на организацията, давaща контролен номер
Контролно поле BLK
005 - Дата и час на последна редакция
Контролно поле 20230802113100.0
008 - Елементи от данни с фиксирана дължина
fixed length control field 180411b bul|||||r ||||||| ||bul||
010 ## - Наследен системен номер
LC control number KNG00176327000
040 ## - Източник на каталожния запис
Идентификатор на билиотеката - собственик на записа BLK
041 ## - Код за език
Код за езика на текст/звукозапис или на отделно заглавие Български
Код за езика КДБФ Български
080 ## - УДК
Текстов определител УДК Българска литература
УДК код - определител по УДК 821.163.2
УДК определител -311.6
УДК - код + определител 821.163.2-311.6
100 ## - Редна дума - Автор
Автор Карапетров, Петър Константинов
Дати, свързани с автора 1900-1980
R(LIN) 302884
139 ## - Редно поле
Редна дума Карапетров, Петър Константинов
Авторски знак Карап - К 35
245 10 - Сведения за заглавието
Заглавие Исперих
Подзаглавни данни Ист. роман
Редно поле (дума) Петър Константинов Карапетров.
257 ## - Страна на издаване
Страна на създаване/издаване България
260 ## - Област на издателските данни
Име на издателя, разпространителя и проч. Бълг. писател
Година на издаване 1980
Печатница В. Търново : печ. Д. Найденов
Място на издаване, разпространение и проч. София
300 ## - Физическа характеристика
Страници 200 с.
Илюстрации и др. с портр.
Размери/Мащаб 21 см
380 ## - Жанр
Жанр Худож. лит.
500 ## - Общи забележки
Забележка 5 113 тир.
600 14 - Име на лице, използвано като предмет
За него / За нея Аспарух, хан
9 (RLIN) 245152
653 ## - Ключова дума – ненормативна
Ключова дума хан Аспарух
653 ## - Ключова дума – ненормативна
Ключова дума исторически романи
852 ## - Местоположение
Форматна сигнатура Цб 104532
856 4# - Електронен адрес и достъп
Електронен формат pdf - файл
Инструкция (цена за достъп) 0.00
Права за достъп disable
856 4# - Електронен адрес и достъп
Електронен формат pdf - файл
Инструкция (цена за достъп) 0.00
Права за достъп disable
999 ## - СИСТЕМНИ КОНТРОЛНИ НОМЕРА
Koha biblionumber 168433
Koha biblioitemnumber 168433
942 ## - АРТИКУЛИ
Вид на библиотечния материал Книги
Скрит в OPAC Не
Koha issues (borrowed), all copies 1
Периодичен библиозапис Да
944 ## - СЪЗДАВАНЕ И РЕДАКЦИЯ на ЗАПИСА
Създаване/Редакция Създаване
Дата на регистрацията/редакция 03.06.2015
Статус, дата на статуса Теодора Пейчева-Дянкова
Служител, извършил регистрацията/редакцията 30556
944 ## - СЪЗДАВАНЕ И РЕДАКЦИЯ на ЗАПИСА
Създаване/Редакция Редакция
Дата на регистрацията/редакция 18.09.2017
Статус, дата на статуса ф /
Служител, извършил регистрацията/редакцията Христина_Везирева
999 ## - СИСТЕМНИ КОНТРОЛНИ НОМЕРА
Koha biblioitemnumber 168433
Наличности
Код за отписване Код за изгубен артикул Източник на класификационната схема Код за повреда Коз за рестрикции Код за отдаване Артикулен № Име на библиотеката - собственик Име на библиотеката, в която се намира в момента Статус (Текущо местоположение) Дата на вписване в системата Местоположение - отдел Цена в лева Инвентарен номер Систематично азбучна сигнатура Баркод Номер на екземпляра Цена в евро Служебна бележка Служебен тип на артикула Бележка за публиката
  Не е изгубен Universal Decimal Classification Не е повреден без рестрикции ползва се в читалня 284409 Регионална библиотека "Любен Каравелов" Русе Регионална библиотека "Любен Каравелов" Русе Хранилище 1980-01-01 Хранилище 1.63 309175 Цб 104532 120000309175 1 0.83 Дост: Dp Вид: Д N: стар фонд Дата: 01.01.1980 Книги  
Изтеглен Не е изгубен Universal Decimal Classification Не е повреден без рестрикции заемане за дома 284410 Регионална библиотека "Любен Каравелов" Русе Регионална библиотека "Любен Каравелов" Русе Заемна - подръчен фонд 1980-01-01 Заемна - подръчен фонд 1.63 309553 П 886.7-31/К 35 309553 2 0.83 Дост: Pk Вид: Ф N: стар фонд Дата: 01.01.1980 Дата инв: 13.02.2018 Бележки инв: П2018 Книги  
Изтеглен Не е изгубен Universal Decimal Classification Не е повреден без рестрикции заемане за дома 284411 Регионална библиотека "Любен Каравелов" Русе Регионална библиотека "Любен Каравелов" Русе Заемна - подръчен фонд 1980-01-01 Заемна - подръчен фонд 1.63 309557 П 886.7-31/К 35 309557 3 0.83 Дост: Pk Вид: Ф N: стар фонд Дата: 01.01.1980 Книги  
Изтеглен Не е изгубен   Не е повреден без рестрикции заемане за дома 284412 Регионална библиотека "Любен Каравелов" Русе Регионална библиотека "Любен Каравелов" Русе   1980-01-01 Детски отдел 1.63 309800 ДХ 886.7/К 35 309800 4 0.83 Дост: Pk Вид: Ф N: стар фонд Дата: 01.01.1980 Дата инв: 03.09.2015 Бележки инв: Д2015 Книги Отч.N: 32/2017 , Дата: 04.09.2017
Изтеглен Не е изгубен   Не е повреден без рестрикции заемане за дома 284413 Регионална библиотека "Любен Каравелов" Русе Регионална библиотека "Любен Каравелов" Русе   1980-01-01 Детски отдел 1.63 309801 ДХ 886.7/К 35 309801 5 0.83 Дост: Pk Вид: Ф N: стар фонд Дата: 01.01.1980 Дата инв: 03.09.2015 Бележки инв: Д2015 Книги Отч.N: 32/2017 , Дата: 04.09.2017
Изтеглен Не е изгубен   Не е повреден без рестрикции заемане за дома 284414 Регионална библиотека "Любен Каравелов" Русе Регионална библиотека "Любен Каравелов" Русе   1980-01-01 Детски отдел 1.63 309803 ДХ 886.7/К 35 309803 6 0.83 Дост: Pk Вид: Ф N: стар фонд Дата: 01.01.1980 Дата инв: 03.09.2015 Бележки инв: Д2015 Книги Отч.N: 26/2017 , Дата: 15.08.2017
Vip Innovations Ltd, Rousse, Bulgaria 2025